Statystyki dla Powiaty w Polsce, których nazwy zaczynają się od samogłoski

Kliknij tutaj aby rozwiązać quiz!

Ogólne statystyki

  • Ten quiz został rozwiązany 70 razy
  • Średni wynik to 20 z 29

Statystyki odpowiedzi

A% Poprawnych
elbląski
91%
opolski (lubelskie)
91%
opolski (opolskie)
91%
miasto Opole
87%
ełcki
83%
augustowski
81%
miasto Olsztyn
81%
olsztyński
81%
iławski
80%
inowrocławski
78%
miasto Elbląg
76%
aleksandrowski
72%
ostrowski (mazowieckie)
70%
ostrowski (wielkopolskie)
70%
oławski
67%
olkuski
67%
ostrowiecki
65%
opatowski
63%
opoczyński
61%
ostrołęcki
61%
oleśnicki
59%
otwocki
57%
ostrzeszowski
56%
ostródzki
54%
obornicki
52%
olecki
52%
miasto Ostrołęka
50%
oświęcimski
48%
oleski
44%

Rozkład punktacji

Percentyl według liczby udzielonych odpowiedzi

Procent ludzi z każdym wynikiem

Twoja historia wyników

Nie rozwiązałeś tego quizu